La exportación e importación para consumo y el IVA (Registro nro. 27528)

Detalles MARC
000 -LEADER
fixed length control field 00340 a2200109 4500
001 - CONTROL NUMBER
control field ART_18314
005 - DATE AND TIME OF LATEST TRANSACTION
control field 20260410161919.0
008 - FIXED-LENGTH DATA ELEMENTS--GENERAL INFORMATION
fixed length control field 260409a
100 1# - MAIN ENTRY--PERSONAL NAME
Personal name Fratalocchi, Aldo
245 10 - TITLE STATEMENT
Title La exportación e importación para consumo y el IVA
773 0# - HOST ITEM ENTRY
Title La información
Related parts - Tomo XXXIII, Nº 556 (abr. 1976)
Record control number REV14902

No hay ítems disponibles.